00789nam a2200229 a 450000100060000000300090000600800410001502000150005604000280007108200150009910000410011424500240015526000290017930000110020849000620021959000470028165000250032865000270035394200120038099900170039295201500040919293CO-ViMGA141112s2004 ck r 000 u spa d a8420637947 aCO-ViMGAbspacCO-ViMGA04a863.5 V1531 aValle - Inclán, Ramón del92771110aSonata de primavera aMadrid : bAlianza; 2000 a102 p. aEl libro de bolsillo, Literatura Española contemporanea aForma de adquisición : Premio Mincultura14aNOVELA AMOROSA9207914aNOVELA ESPAÑOLA9488 2ddccBK c28452d28452 00102ddc40708003aMEVIECARbMEVIECARd2015-12-04hVolumen. 1 | 11/jun/2009l0o863.5 V153 p19293r2015-12-04 00:00:00tEj. 1w2015-12-04yBK